000
nam a22 7a 4500
999
_c
46020
_d
46020
003
OSt
005
20190409152649.0
008
190409b xxu||||| |||| 00| 0 eng d
040
_c
SERO SOFT
100
_a
CHADHA, SATISH
245
_a
PRINCIPLES OF EDUCATION
260
_a
MEERUT
_b
IPH
300
_a
A127
942
_2
ddc
_c
02